White root disease of Hevea brasiliensis : Collar protectant dressings (Record no. 72398)

MARC details
000 -LEADER
fixed length control field 00449nam a2200145Ia 4500
100 ## - MAIN ENTRY--AUTHOR NAME
Personal name Fox R A
245 #0 - TITLE STATEMENT
Title White root disease of Hevea brasiliensis : Collar protectant dressings
260 ## - PUBLICATION, DISTRIBUTION, ETC. (IMPRINT)
Name of publisher Journal of the Rubber Research Institute of Malaya
Year of publication 1966
300 ## - PHYSICAL DESCRIPTION
Number of Pages 231-241
650 ## - SUBJECT ADDED ENTRY--TOPICAL TERM
Topical Term Collar protectant dressings
650 ## - SUBJECT ADDED ENTRY--TOPICAL TERM
Topical Term Hevea brasiliensis
650 ## - SUBJECT ADDED ENTRY--TOPICAL TERM
Topical Term White root disease
942 ## - ADDED ENTRY ELEMENTS (KOHA)
Koha item type Journals
Holdings
Withdrawn status Lost status Damaged status Not for loan Home library Current library Shelving location Date acquired Serial Enumeration / chronology Koha item type
      Journals RRII Library RRII Library Pathology 17/12/2021 Volume 19, Issue 4 Journals